<?xml version="1.0" encoding="UTF-8"?>
<record
    xmlns:xsi="http://www.w3.org/2001/XMLSchema-instance"
    xsi:schemaLocation="http://www.loc.gov/MARC21/slim http://www.loc.gov/standards/marcxml/schema/MARC21slim.xsd"
    xmlns="http://www.loc.gov/MARC21/slim">

  <leader>00189nam a2200085   4500</leader>
  <controlfield tag="001">1253848</controlfield>
  <controlfield tag="005">20251103125233.0</controlfield>
  <datafield tag="245" ind1=" " ind2=" ">
    <subfield code="a">ZAMAN DA YOLCULUK</subfield>
    <subfield code="c">N&#x130;CK THOMAS</subfield>
  </datafield>
  <datafield tag="260" ind1=" " ind2=" ">
    <subfield code="b">&#xC7;OCUK GEZEGEN&#x130;</subfield>
  </datafield>
  <datafield tag="999" ind1=" " ind2=" ">
    <subfield code="c">1253848</subfield>
    <subfield code="d">1253848</subfield>
  </datafield>
  <datafield tag="952" ind1=" " ind2=" ">
    <subfield code="0">0</subfield>
    <subfield code="1">0</subfield>
    <subfield code="2">ddc</subfield>
    <subfield code="4">0</subfield>
    <subfield code="7">0</subfield>
    <subfield code="a">1039</subfield>
    <subfield code="b">1039</subfield>
    <subfield code="d">2025-11-03</subfield>
    <subfield code="l">1</subfield>
    <subfield code="o">FB</subfield>
    <subfield code="p">10396246</subfield>
    <subfield code="r">2026-02-19 12:26:48</subfield>
    <subfield code="s">2026-02-18</subfield>
    <subfield code="w">2025-11-03</subfield>
    <subfield code="y">BK</subfield>
  </datafield>
</record>
